000 00832nam a2200253Ia 4500
003 OSt
005 20220923220147.0
006 a|||||r|||| 00| 0
007 ta
008 220922b |||||||| |||| 00| 0 hin d
024 _a184,674
037 _cTextual
040 _aARTS
_cARTS
_bhin
041 _2hin
_ahin
082 _aO152,1NRAx, K9
100 _aराम, राम स्वरूप सिंह
_9163750
245 0 _aगिरिराज गरिमा
246 _aGirirāj garimā
260 _aअलीगढ
_b रधुनाथ सिंह नौलखा
_c1969
300 _a107 पृ.
_ccm.
650 _aहिन्दी साहित्य
_9156264
942 _hO152,1NRAx, K9
_cTEXL
_2CC
999 _c337958
_d337958